छत्तीसगढ़ का सांस्कृतिक इतिहास / (Record no. 13604)

MARC details
000 -LEADER
fixed length control field 01340nam a22002417a 4500
005 - DATE AND TIME OF LATEST TRANSACTION
control field 20080613110811.0
008 - FIXED-LENGTH DATA ELEMENTS--GENERAL INFORMATION
fixed length control field 080613t xxu||||| |||| 00| 0 hin d
010 ## - LIBRARY OF CONGRESS CONTROL NUMBER
LC control number HIN-83450
020 ## - INTERNATIONAL STANDARD BOOK NUMBER
Terms of availability 300.00
International Standard Book Number 8188693278
035 ## - SYSTEM CONTROL NUMBER
System control number HN-55796
037 ## - SOURCE OF ACQUISITION
Source of stock number/acquisition DBAD / PUB
040 ## - CATALOGING SOURCE
Original cataloging agency DPL
Language of cataloging HN
082 ## - DEWEY DECIMAL CLASSIFICATION NUMBER
Classification number 954.21 / शर्मापा
100 ## - MAIN ENTRY--PERSONAL NAME
Personal name शर्मा, पालेश्वर प्रसाद
245 ## - TITLE STATEMENT
Title छत्तीसगढ़ का सांस्कृतिक इतिहास /
Statement of responsibility, etc पालेश्वर प्रसाद शर्मा एवं अभिलाषा शर्मा
246 ## - VARYING FORM OF TITLE
Title proper/short title Chhattisgarh ka sanskritik itihas
Remainder of title by Paleshwar Prasad Sharma and Abhilasha Sharma
260 ## - PUBLICATION, DISTRIBUTION, ETC. (IMPRINT)
Place of publication, distribution, etc दिल्ली
Name of publisher, distributor, etc मित्तल एण्ड संस
Date of publication, distribution, etc 2008
270 ## - ADDRESS
Address 80, विजय ब्लॉक, लक्ष्मीनगर
City दिल्ली
Postal code 110092
300 ## - PHYSICAL DESCRIPTION
Extent 263पृ
Dimensions 22सेमी(सजिल्द)
700 ## - ADDED ENTRY--PERSONAL NAME
Personal name शर्मा, अभिलाषा
942 ## - ADDED ENTRY ELEMENTS (KOHA)
Koha item type Hindi Books
Source of classification or shelving scheme Dewey Decimal Classification
Classification part 954.21
Call number suffix शर्मापा
Holdings
Withdrawn status Lost status Damaged status Not for loan Collection code Home library Current library Date acquired Source of acquisition Cost, normal purchase price Total Checkouts Full call number Barcode Date last seen Copy number Cost, replacement price Price effective from Koha item type
      Not For Loan Non-fiction D.B.Act.Division D.B.Act.Division 13/06/2008 पु.प्र.अ.प्र /प्रका 300.00   954.21 शर्मापा HN-55796 15/09/2008 1 300.00 15/09/2008 Hindi Books

© Delhi Public Library
Hit Counter
free hit counter